25 Größte Städte Afrikas auf einer Karte - Statistiken

Allgemein
  • Dieses Quiz wurde 222 mal gespielt
  • Das Durchschnittsergebnis liegt bei 14 aus 25
Antworten auf der Karte
Die Antworten werden auf der Karte rot bzw. grün angezeigt, abhängig davon wie oft sie richtig erraten wurden.
 
Antwortstatistiken
Antwort % Korrekt
Kairo
98%
Kapstadt
95%
Algier
91%
Johannesburg
91%
Alexandria
87%
Lagos
85%
Nairobi
84%
Kinshasa
83%
Addis Abeba
79%
Casablanca
78%
Luanda
73%
Abuja
66%
Durban
58%
Dar Es Sallam
57%
Bamako
54%
Gizeh
42%
Abidjan
41%
Kano
30%
Kumasi
19%
Ibadan
18%
Lubumbashi
17%
Port Harcourt
16%
Mbuji-Mayi
6%
Ekurhuleni
2%
Tshwane
1%
Keine übereinstimmenden Quizze gefunden
Verteilung der Resultate
Anzahl Personen mit jedem Resultat
Perzentil nach korrekt beantworteten Fragen
Ihre Resultats-Entwicklung
Sie haben dieses Quiz noch nicht gespielt